100k US Cities By Proximity Without A Map - Statistics

General Stats
  • This quiz has been taken 1,492 times
  • The average score is 258 of 317
Answer Stats
Population State Answers % Correct
122,105 CT Hartford
100%
8,336,817 NY New York City
100%
1,584,064 PA Philadelphia
100%
200,370 NY Yonkers
100%
121,442 PA Allentown
99%
350,365 CA Anaheim
99%
144,399 CT Bridgeport
99%
102,511 CA Burbank
99%
115,382 CA Carlsbad
99%
169,868 CA Corona
99%
113,003 CA Costa Mesa
99%
111,126 CA Downey
99%
129,216 NJ Elizabeth
99%
115,487 CA El Monte
99%
151,625 CA Escondido
99%
214,547 CA Fontana
99%
138,632 CA Fullerton
99%
171,644 CA Garden Grove
99%
199,303 CA Glendale
99%
199,223 CA Huntington Beach
99%
108,151 CA Inglewood
99%
287,401 CA Irvine
99%
262,075 NJ Jersey City
99%
109,527 CA Jurupa Valley
99%
106,300 NJ Lakewood Township
99%
462,628 CA Long Beach
99%
3,979,576 CA Los Angeles
99%
213,055 CA Moreno Valley
99%
116,223 CA Murrieta
99%
282,011 NJ Newark
99%
130,250 CT New Haven
99%
103,949 CT Norwalk
99%
175,742 CA Oceanside
99%
185,010 CA Ontario
99%
138,669 CA Orange
99%
208,881 CA Oxnard
99%
155,079 CA Palmdale
99%
141,029 CA Pasadena
99%
145,233 NJ Paterson
99%
151,691 CA Pomona
99%
177,603 CA Rancho Cucamonga
99%
103,526 CA Rialto
99%
331,360 CA Riverside
99%
215,784 CA San Bernardino
99%
332,318 CA Santa Ana
99%
212,979 CA Santa Clarita
99%
125,613 CA Simi Valley
99%
114,761 CA Temecula
99%
126,813 CA Thousand Oaks
99%
143,592 CA Torrance
99%
122,385 CA Victorville
99%
101,638 CA Vista
99%
107,568 CT Waterbury
99%
105,101 CA West Covina
99%
100,145 NJ Woodbridge Township
99%
111,502 CA Antioch
98%
121,363 CA Berkeley
98%
117,911 TX College Station
98%
129,295 CA Concord
98%
106,280 CA Daly City
98%
110,849 IL Elgin
98%
174,775 CA Elk Grove
98%
117,133 CA Fairfield
98%
241,110 CA Fremont
98%
159,203 CA Hayward
98%
590,157 WI Milwaukee
98%
215,030 CA Modesto
98%
433,031 CA Oakland
98%
110,567 CA Richmond
98%
145,609 IL Rockford
98%
513,624 CA Sacramento
98%
881,549 CA San Francisco
98%
1,021,795 CA San Jose
98%
104,430 CA San Mateo
98%
130,365 CA Santa Clara
98%
176,753 CA Santa Rosa
98%
129,638 CT Stamford
98%
312,697 CA Stockton
98%
152,703 CA Sunnyvale
98%
100,670 CA Vacaville
98%
121,692 CA Vallejo
98%
109,106 CA Ventura
98%
197,757 IL Aurora
97%
2,693,976 IL Chicago
97%
148,449 IL Naperville
97%
118,488 TX Sugar Land
97%
105,623 TX Allen
96%
398,854 TX Arlington
96%
116,825 TX Beaumont
96%
139,248 TX Carrollton
96%
1,343,573 TX Dallas
96%
141,541 TX Denton
96%
909,585 TX Fort Worth
96%
200,490 TX Frisco
96%
239,928 TX Garland
96%
194,543 TX Grand Prairie
96%
2,320,268 TX Houston
96%
239,798 TX Irving
96%
107,536 TX League City
96%
109,212 TX Lewisville
96%
199,177 TX McKinney
96%
140,937 TX Mesquite
96%
151,227 TX Pasadena
96%
122,460 TX Pearland
96%
287,677 TX Plano
96%
121,323 TX Richardson
96%
141,500 CA Roseville
96%
155,465 CA Salinas
96%
102,026 IN South Bend
96%
139,236 TX Waco
96%
261,165 AZ Chandler
95%
133,759 FL Coral Springs
95%
106,306 FL Davie
95%
182,437 FL Fort Lauderdale
95%
254,114 AZ Gilbert
95%
252,381 AZ Glendale
95%
233,339 FL Hialeah
95%
154,817 FL Hollywood
95%
147,344 IL Joliet
95%
518,012 AZ Mesa
95%
175,961 AZ Mesa
95%
467,963 FL Miami
95%
110,001 FL Miami Gardens
95%
141,191 FL Miramar
95%
173,591 FL Pembroke Pines
95%
1,680,992 AZ Phoenix
95%
112,118 FL Pompano Beach
95%
258,069 AZ Scottsdale
95%
141,664 AZ Surprise
95%
195,805 AZ Tempe
95%
106,985 TX Tyler
95%
111,955 FL West Palm Beach
95%
506,811 GA Atlanta
94%
978,908 TX Austin
94%
593,490 MD Baltimore
94%
148,164 WA Bellevue
94%
195,769 GA Columbus
94%
111,475 WA Everett
94%
132,319 WA Kent
94%
153,159 GA Macon
94%
101,751 WA Renton
94%
133,372 TX Round Rock
94%
1,547,253 TX San Antonio
94%
753,675 WA Seattle
94%
217,827 WA Tacoma
94%
692,600 MA Boston
93%
118,927 MA Cambridge
93%
381,009 OH Cleveland
93%
670,031 MI Detroit
93%
133,997 FL Gainesville
93%
157,601 PA Lancaster
93%
110,997 MA Lowell
93%
179,883 RI Providence
93%
153,606 MA Springfield
93%
272,779 OH Toledo
93%
133,943 MI Warren
93%
185,428 MA Worcester
93%
159,428 VA Alexandria
91%
121,272 CO Arvada
91%
379,289 CO Aurora
91%
105,673 CO Boulder
91%
110,937 CO Centennial
91%
727,211 CO Denver
91%
170,243 CO Fort Collins
91%
108,649 CO Greeley
91%
157,935 CO Lakewood
91%
230,436 VA Richmond
91%
141,464 CO Thornton
91%
705,749 DC Washington DC
91%
113,166 CO Westminster
91%
303,940 OH Cincinnati
90%
116,946 FL Clearwater
90%
478,221 CO Colorado Springs
90%
102,708 CA El Cajon
90%
112,136 FL Lakeland
90%
287,442 FL Orlando
90%
1,423,851 CA San Diego
90%
265,351 FL St. Petersburg
90%
399,700 FL Tampa
90%
274,492 CA Chula Vista
89%
296,710 NC Greensboro
89%
109,381 OR Gresham
89%
112,791 NC High Point
89%
109,128 OR Hillsboro
89%
112,673 NH Manchester
89%
654,741 OR Portland
89%
174,365 OR Salem
89%
184,463 WA Vancouver
89%
247,945 NC Winston-Salem
89%
200,574 AL Huntsville
88%
876,384 IN Indianapolis
88%
160,628 MS Jackson
88%
885,708 NC Charlotte
87%
140,407 OH Dayton
87%
198,525 AL Montgomery
87%
655,057 OK Oklahoma City
86%
401,190 OK Tulsa
86%
131,674 SC Columbia
84%
118,210 MI Lansing
84%
119,980 MI Ann Arbor
83%
320,189 NV Henderson
83%
116,672 MO Independence
83%
911,507 FL Jacksonville
83%
495,327 MO Kansas City
83%
152,960 KS Kansas City
83%
151,666 TX Killeen
83%
651,319 NV Las Vegas
83%
251,974 NV North Las Vegas
83%
140,545 KS Olathe
83%
195,494 KS Overland Park
83%
132,438 MI Sterling Heights
83%
125,310 KS Topeka
83%
158,146 TN Clarksville
82%
146,900 TN Murfreesboro
82%
670,820 TN Nashville
82%
220,236 LA Baton Rouge
81%
898,553 OH Columbus
81%
617,638 KY Louisville
81%
429,606 MN Minneapolis
81%
118,935 MN Rochester
81%
308,096 MN St. Paul
81%
323,152 KY Lexington
80%
390,144 LA New Orleans
80%
197,597 OH Akron
79%
170,282 NC Cary
79%
278,993 NC Durham
79%
124,880 OK Norman
79%
474,069 NC Raleigh
79%
182,799 TN Chattanooga
78%
103,301 CA Chico
78%
651,073 TN Memphis
78%
114,230 IL Springfield
78%
300,576 MO St. Louis
78%
101,068 IN Carmel
76%
681,728 TX El Paso
76%
103,432 NM Las Cruces
76%
115,552 FL Palm Bay
76%
126,913 GA Athens
75%
194,495 FL Cape Coral
75%
211,657 NC Fayetteville
75%
100,471 IN Clinton
73%
109,452 GA Sandy Springs
73%
560,513 NM Albuquerque
69%
244,835 VA Chesapeake
69%
134,510 VA Hampton
69%
179,225 VA Newport News
69%
242,742 VA Norfolk
69%
548,073 AZ Tucson
69%
449,974 VA Virginia Beach
69%
116,618 UT Provo
67%
200,567 UT Salt Lake City
67%
116,480 UT West Jordan
67%
135,248 UT West Valley City
67%
289,102 NE Lincoln
64%
478,192 NE Omaha
64%
134,605 CA Visalia
63%
115,382 SC North Charleston
61%
259,680 WI Madison
60%
209,403 AL Birmingham
59%
300,286 PA Pittsburgh
59%
114,584 CA Clovis
57%
531,576 CA Fresno
57%
101,129 AL Tuscaloosa
56%
205,695 NY Rochester
54%
228,959 ID Boise
53%
255,284 NY Buffalo
53%
117,979 IN Evansville
53%
114,161 ID Meridian
53%
345,064 HI Honolulu
52%
255,601 NV Reno
52%
105,006 NV Sparks
52%
104,683 TX Wichita Falls
52%
197,888 GA Augusta
50%
389,938 KS Wichita
50%
137,566 SC Charleston
49%
144,464 GA Savannah
49%
384,145 CA Bakersfield
48%
110,198 OK Broken Arrow
48%
288,000 AK Anchorage
44%
197,312 AR Little Rock
44%
214,237 IA Des Moines
43%
172,622 OR Eugene
42%
201,013 MI Grand Rapids
42%
107,263 CA Santa Maria
42%
270,402 IN Fort Wayne
40%
126,185 LA Lafayette
40%
222,081 WA Spokane
40%
101,060 WA Spokane Valley
40%
258,862 TX Lubbock
38%
199,371 TX Amarillo
37%
326,586 TX Corpus Christi
37%
187,603 TN Knoxville
37%
194,500 FL Tallahassee
37%
123,195 MO Columbia
36%
188,720 AL Mobile
36%
167,882 MO Springfield
36%
124,662 ND Fargo
35%
142,327 NY Syracuse
34%
182,781 TX Brownsville
33%
101,170 TX Edinburg
33%
143,268 TX McAllen
33%
112,361 CO Pueblo
29%
183,793 SD Sioux Falls
29%
262,491 TX Laredo
28%
100,421 OR Bend
27%
109,577 MT Billings
27%
146,038 TX Midland
27%
123,334 TX Odessa
27%
187,112 LA Shreveport
27%
123,744 NC Wilmington
24%
101,590 IA Davenport
21%
201,846 FL Port St. Lucie
21%
104,578 WI Green Bay
19%
123,420 TX Abilene
18%
101,004 TX San Angelo
18%
133,562 IA Cedar Rapids
15%
110,417 IL Peoria
15%
No matching quizzes found
Score Distribution
Percent of People with Each Score
Percentile by Number Answered
Your Score History
You have not taken this quiz